00759nam a2200181 a 450000100060000000300090000600800410001502000150005604000280007108200180009910000390011724500820015626000230023830000100026150502230027165000480049465000350054222834CO-ViMGA141112s2004 ck r 000 u spa d a9586905659 aCO-ViMGAbspacCO-ViMGA04a364.258 D871d1 aDuràn Puentes, Juliàn Andrès10aEl delito polìtico : bDesnaturalizaciòn jurìdica y conflicto interno aColombia : bLeyer a162p. aPerspectivas genealogicas del delito politico en ralacion a su jsutificacion, desarrollo y contencion historica en el marco de las instituciones, La cuestion juridica, La discusion a la luz de la polìtica criminal14aDELITOS POLITICOS - LEGISLACION - COLOMBIA 14aPROCEDIMIENTO PENAL - COLOMBIA